Zomrel Andrej Kvašňák

Bibliographic Details
Format: Article
Language:Slovak
ISSN:1335-4566
Subjects:
Online Access:www.korzar.sk

MARC

LEADER 00000nab a2200000 a 4500
001 vtls008982034
003 SK-MaSNL
005 20260303065158.0
008 171110c20070419xo drz 0 0slo
038 |a KEVKJB 
040 |a KEVKJB  |b slo  |c KEVKJB  |e AACR2 
041 0 |a slo 
044 |a xo  |c SK 
080 |a 796.332  |2 2001 
080 |a 929 Kvašňák, Andrej  |2 2001 
245 0 0 |a Zomrel Andrej Kvašňák 
600 1 7 |a Kvašňák, Andrej,  |d 1936-2007  |2 kevkjb  |9 356100 
650 0 7 |a rodáci  |2 snkbucl  |9 30842 
650 0 7 |a futbal  |2 kevkjb  |9 3291 
651 7 |a Košice (Slovensko)  |2 kevkjb  |9 18694 
655 7 |a nekrológy  |2 kevkjb  |9 402542 
773 0 |t Košický denník Korzár  |g Roč. X, č. 90 (19.4.2007), s. 9  |x 1335-4566 
852 |a KEVKJB  |b KIS3GCP 
856 4 1 |u www.korzar.sk 
958 |a BX 
999 |c 1750158  |d 1752088